Environmental Law (Record no. 19943)

MARC details
000 -LEADER
fixed length control field 00314nam a22001337a 4500
008 - FIXED-LENGTH DATA ELEMENTS--GENERAL INFORMATION
fixed length control field 230501b |||||||| |||| 00| 0 eng d
100 ## - MAIN ENTRY--AUTHOR NAME
Personal name P.S. Jaswal & N. Jaswal
245 ## - TITLE STATEMENT
Title Environmental Law
260 ## - PUBLICATION, DISTRIBUTION, ETC. (IMPRINT)
Place of publication Haryana
Name of publisher ALA
Year of publication 2010
300 ## - PHYSICAL DESCRIPTION
Number of Pages 612
546 ## - LANGUAGE NOTE
Language note English
942 ## - ADDED ENTRY ELEMENTS (KOHA)
Source of classification or shelving scheme Dewey Decimal Classification
Koha item type Books
Holdings
Accession Number Cost, normal purchase price Source of acquisition Price effective from Koha item type Withdrawn / writtenoff status Damaged status Not for loan Permanent Location Current Location Shelving location Date acquired Lost/ Missing status department
LLB 441 300.00 Donated By Mr. Karan Pandoh Assistant Prof. MIET SOL 05/01/2023 Books       MIET Library, Jammu MIET Library, Jammu 182/4 04/24/2023   BBA LLB